Cinéma commençant par la lettre N - Statistiques

Statistiques générales
  • Ce quiz a été pris 926 fois
  • Le résultat moyen est 5 sur 12
Statistiques - réponses
Hint Réponse % Correct
Acteur américain, lauréat d'un Oscar pour "Vol au-dessus d'un nid de coucou" Jack Nicholson
89%
Réalisateur anglais, notamment connu pour sa trilogie sur Batman Christopher Nolan
79%
Film de Luc Besson, sur une jeune femme devenant tueuse pour le gouvernement Nikita
70%
Acteur britannique qui doit retrouver sa fille dans un film sorti en 2008 Liam Neeson
53%
De son vrai nom Thomas Anderson, surnommé L'Élu Néo
52%
Court-métrage, narré par Michel Bouquet, sur les camps d'extermination nazis Nuit et brouillard
30%
"Vidocq" de Pitof est le premier film à avoir été entièrement tourné avec cette technologie Numérique
29%
Acteur de films d'action, à l'origine d'un mème Internet durant les années 2000 Chuck Norris
28%
Thriller sorti en 2014 sur un homme se lançant dans le journalisme freelance Night Call
26%
Procédé consistant à tourner une scène nocturne durant la journée Nuit américaine
26%
Acteur et pilote automobile ayant joué Butch Cassidy en 1969 Paul Newman
25%
Cinéaste franco-argentin, ayant déstabilisé la presse cannoise en 2002 Gaspar Noé
24%
Aucun quiz correspondant
Distribution des résultats
% des personnes avec chaque résultat
Percentile par nombre de réponses
Votre historique - résultats
Vous n’avez pas pris ce quiz